Operación, diseño y tecnología de subestaciones y sistemas de distribución industrial

محفوظ في:
التفاصيل البيبلوغرافية
التنسيق: كتاب
اللغة:الإسبانية
منشور في: Valparaíso Universidad Católica de Valparaíso. Facultad de Ingeniería 1992
الموضوعات:
الوسوم: إضافة وسم
لا توجد وسوم, كن أول من يضع وسما على هذه التسجيلة!

MARC

LEADER 00000nam a2200000 a 4500
001 UCV6490
003 CL-VaPUC
008 921117e19920000CL |||||||||||||||||spa|d
082 0 4 |a 621.31  |b OPE  |2 21 
245 1 0 |a Operación, diseño y tecnología de subestaciones y sistemas de distribución industrial 
300 |a 900 p 
942 |c BK 
945 |d 19921117 00:00:00 
260 |a Valparaíso  |b Universidad Católica de Valparaíso. Facultad de Ingeniería  |c 1992 
650 0 |a Distribución de energía eléctrica   |9 260221 
650 0 |a Subestaciones eléctricas  |9 263498 
583 |a last modification  |c 19921117 00:00:00  |k Rodrigo Vera 
999 |c 212531  |d 212529